Pink Floyd Members - Statistics

General Stats
  • This quiz has been taken 115 times
  • The average score is 5 of 5
Answer Stats
Years Instrument Band Member % Correct
1965–1985, 2005 Bass, vocals, rhythm guitar Roger Waters
97%
1967–1995, 2005, 2012–2014 Lead and rhythm guitars, vocals, David Gilmour
96%
1965–1968 Lead and rhythm guitar, vocals Syd Barrett
92%
1965–1995, 2005, 2012–2014 Percussion Nick Mason
90%
1965–1979, 1990–1995, 2005 Keyboards, piano, organ, vocals Richard Wright
90%
No matching quizzes found
Score Distribution
Percent of People with Each Score
Percentile by Number Answered
Your Score History
You have not taken this quiz